000
00336nam a2200133Ia 4500
008
100328s9999 xx 000 0 und d
082
_b
49778
100
_a
कर्णिक हेमन.
245
_a
भेदी.
260
_b
चंद्रमौळी
630
_a
भेदी.
730
_a
भेदी.
942
_c
BOOK
999
_c
537037
_d
537034